000 00378nam a22001697a 4500
005 20260509144116.0
008 160616b xxu||||| |||| 00| 0 eng d
020 _a0-415-24392-0
041 _aeng
082 _a659.1
100 _aBrierley, Sean
_91553
245 _aThe advertising Hand Book
260 _bRoulledge
300 _a270
650 _aManagement
942 _cBK
999 _c2854
_d2853